Catálogo

Metodología de la investigación / (Registro nro. 64742)

Detalles MARC
000 -LEADER
fixed length control field 01278cam a2200337 i 4500
001 - CONTROL NUMBER
control field 64742
003 - CONTROL NUMBER IDENTIFIER
control field Mx-PuUPA
005 - DATE AND TIME OF LATEST TRANSACTION
control field 20250115130617.0
008 - FIXED-LENGTH DATA ELEMENTS--GENERAL INFORMATION
fixed length control field 160222s2017 mx ad gr 000 0 spa d
020 ## - INTERNATIONAL STANDARD BOOK NUMBER
International Standard Book Number 9786077447528
040 ## - CATALOGING SOURCE
Original cataloging agency Mx-PuUPA
Transcribing agency Mx-PuUPA
Description conventions rda
Modifying agency Mx-PuUPA
Language of cataloging spa
041 0# - LANGUAGE CODE
Language code of text/sound track or separate title spa
100 1# - MAIN ENTRY--PERSONAL NAME
9 (RLIN) 9806
Personal name Baena Paz, Guillermina,
Relator term autor
245 10 - TITLE STATEMENT
Title Metodología de la investigación /
Statement of responsibility, etc. Guillermina Baena Paz
246 33 - VARYING FORM OF TITLE
Title proper/short title Metodología de la investigación :
Remainder of title serie integral por competencias.
250 ## - EDITION STATEMENT
Edition statement Tercera edición
264 #1 - PRODUCTION, PUBLICATION, DISTRIBUTION, MANUFACTURE, AND COPYRIGHT NOTICE
Place of production, publication, distribution, manufacture Ciudad México :
Name of producer, publisher, distributor, manufacturer Grupo Editorial Patria,
Date of production, publication, distribution, manufacture, or copyright notice 2017
300 ## - PHYSICAL DESCRIPTION
Extent xiii, 141 páginas :
Other physical details ilustraciones, diagramas, tablas (a color) ;
Dimensions 27 cm
336 ## - CONTENT TYPE
Content type term texto
Content type code txt
Fuente rdacontent
337 ## - MEDIA TYPE
Source rdamedia
Media type term sin medio
Media type code n
338 ## - CARRIER TYPE
Source rdacarrier
Carrier type term volumen
Carrier type code nc
490 0# - SERIES STATEMENT
Series statement Serie Integral por competencias.
545 ## - BIOGRAPHICAL OR HISTORICAL DATA
Biographical or historical data Reimpresión: (Cuarta, 2019).
650 #7 - SUBJECT ADDED ENTRY--TOPICAL TERM
Source of heading or term armarc
Topical term or geographic name entry element Ciencia
General subdivision Metodología
650 #7 - SUBJECT ADDED ENTRY--TOPICAL TERM
Source of heading or term armarc
Topical term or geographic name entry element Investigación
General subdivision Metodología
650 #7 - SUBJECT ADDED ENTRY--TOPICAL TERM
Topical term or geographic name entry element Investigación
General subdivision Metodología
-- Estudio y enseñanza
Source of heading or term armarc
942 ## - ADDED ENTRY ELEMENTS (KOHA)
Source of classification or shelving scheme Dewey Decimal Classification
Koha item type Libro
Classification part 001.42
Item part B135
Existencias
Withdrawn status Lost status Source of classification or shelving scheme Damaged status Not for loan Collection code Home library Current library Shelving location Date acquired Total Checkouts Full call number Barcode Date last seen Price effective from Koha item type Source of acquisition Cost, normal purchase price Date last checked out Cost, replacement price Copy number
    Dewey Decimal Classification     General Biblioteca Karol Wojtyla Biblioteca Karol Wojtyla Sala general 15/01/2025 2 001.42 B135 2017 105785 22/04/2025 15/01/2025 Libro 25 415.00 03/04/2025 415.00  
    Dewey Decimal Classification     General Biblioteca Karol Wojtyla Biblioteca Karol Wojtyla Sala general 15/01/2025   001.42 B135 2017 105786 15/01/2025 15/01/2025 Libro 25 415.00   415.00 Ej.2
    Dewey Decimal Classification     General Tehuacán Tehuacán Sala general 17/11/2022   001.42 B135 2017 968000001107 08/01/2025 17/11/2022 Libro